| 000 | 00377cam a22001337a 4500 | ||
|---|---|---|---|
| 008 | 180718b1987 xxu||||| |||| 00| 0 eng d | ||
| 082 | _aA6x54121 D141 | ||
| 100 | _aDev, Bimal J. | ||
| 245 |
_aManipur: culture and politics _cby Bimal J. Dev and Dilip K. Lahiri |
||
| 260 |
_aDelhi _bMittal _c1987 |
||
| 300 | _a256p. | ||
| 650 | _aManipur - History | ||
| 700 | _aLahiri, Dilip K. | ||
| 999 |
_c344065 _d344065 |
||